Statistics for From Grant To Lincoln

Click here to take the quiz!

General Stats

  • This quiz has been taken 8 times
  • The average score is 8 of 10

Answer Stats

Answer% Correct
Hayes
100%
Jackson
100%
Johnson
100%
Johnson
100%
Harrison
83%
Harrison
83%
Harding
67%
Hoover
67%
Jefferson
67%
Kennedy
67%

Score Distribution

Percentile by Number Answered

Percent of People with Each Score

Your Score History

You have not taken this quiz